Color Blind Click Quiz - Statistics

General Stats
  • This quiz has been taken 155 times
  • The average score is 31 of 32
Answer Stats
Hint Answer % Correct
1
100%
3
100%
4
100%
6
100%
7
100%
8
100%
4
99%
7
99%
1
98%
2
98%
2
98%
4
98%
5
98%
5
98%
5
98%
6
98%
7
98%
8
98%
8
98%
9
98%
9
98%
6
97%
8
97%
9
97%
1
96%
5
96%
5
96%
3
95%
4
95%
6
95%
8
95%
5
94%
No matching quizzes found
Score Distribution
Percent of People with Each Score
Percentile by Number Answered
Your Score History
You have not taken this quiz